Les français en Bundesliga (2010-2020) - Statistiques

Statistiques générales
  • Ce quiz a été pris 686 fois
    615 depuis la dernière actualisation
  • Le résultat moyen est 13 sur 48
Statistiques - réponses
Nb de saisons Clubs Joueur % Correct
9 Bayern (2010-2019) Franck Ribéry
89%
3 Stuttgart (2017-2019), Bayern (2019-2020) Benjamin Pavard
88%
5 Bayern (2015-2020) Kingsley Coman
83%
1 Bayern (2019-2020) Lucas Hernandez
79%
1 Leipzig (2019-2020) Christopher Nkunku
78%
4 Leipzig (2016-2020) Dayot Upamecano
75%
1 Mönchengladbach (2019-2020) Marcus Thuram
72%
3 Bayern (2017-2020) Corentin Tolisso
69%
5 Hoffenheim (2013-2015), Cologne (2015-2017, 2019-2020) Anthony Modeste
68%
2 Mönchengladbach (2018-2020) Alassane Pléa
62%
1 Leverkusen (2019-2020) Moussa Diaby
57%
3 Leipzig (2017-2020) Ibrahima Konaté
54%
1 Dortmund (2016-2017) Ousmane Dembélé
49%
6 Wolfsburg (2014-2020) Josuha Guilavogui
47%
2 Leipzig (2018-2020) Nordi Mukiele
45%
3 Dortmund (2017-2020) Dan-Axel Zagadou
44%
4 Schalke (2016-2020) Benjamin Stambouli
35%
2 Wolfsburg (2018-2020) Jérôme Roussillon
34%
3 Mönchengladbach (2017-2019), Bayern (2019-2020) Michaël Cuisance
34%
2 Francfort (2018-2020) Evan Ndicka
30%
10 Fribourg (2010-2015, 2019-2020), Hoffenheim (2015-2016), Augsbourg (2016-2019) Jonathan Schmid
28%
2 Mayence (2018-2020) Moussa Niakhaté
17%
2 Leipzig (2017-2019) Jean-Kévin Augustin
16%
2 Mayence (2018-2020) Jean-Philippe Mateta
15%
1 Cologne (2017-2018) Vincent Koziello
9%
1 Francfort (2019-2020) Almamy Touré
7%
1 Schalke (2019-2020) Jean-Clair Todibo
5%
1 Mönchengladbach (2019-2020) Mamadou Doucouré
5%
1 Hanovre (2014-2015) Jimmy Briand
4%
1 Hanovre (2015-2016) Allan Saint-Maximin
3%
4 Mayence (2015-2019) Gaëtan Bussmann
3%
4 Stuttgart (2010-2012), Hoffenheim (2012-2014) Matthieu Delpierre
3%
2 Fribourg (2017-2019) Yoric Ravet
3%
1 Dortmund (2010-2011) Damien Le Tallec
2%
2 Cologne (2016-2018) Serhou Guirassy
2%
2 Fribourg (2013-2015) Christopher Jullien
1%
1 Cologne (2010-2011) Fabrice Ehret
1%
1 Fribourg (2013-2014) Francis Coquelin
1%
1 Fribourg (2010-2011) Jonathan Jäger
1%
2 Brême (2010-2012) Mikaël Silvestre
1%
1 Schalke (2010-2011) Nicolas Plestan
1%
2 Ingolstadt (2015-2017) Romain Brégerie
1%
1 Mayence (2019-2020) Ronaël Pierre-Gabriel
1%
1 Fribourg (2010-2011) Simon Pouplin
1%
1 Mönchengladbach (2016-2017) Timothée Kolodziejczak
1%
1 Fribourg (2013-2014) Charles-Elie Laprévotte
0%
1 Stuttgart (2010-2011) Johan Audel
0%
1 Mayence (2016-2017) Mounir Bouziane
0%
Aucun quiz correspondant
Distribution des résultats
% des personnes avec chaque résultat
Percentile par nombre de réponses
Votre historique - résultats
Vous n’avez pas pris ce quiz depuis la dernière actualisation